000 00576nam a2200217Ia 4500
005 20241129115724.0
008 241129s9999||||xx |||||||||||||| ||und||
020 _a9788178542324
037 _aTB
040 _aSDCL
_beng
_cSDCL
041 _ahin
_2hin
084 _aO15,1N:g Q2;1
_qSDCL
100 _aShrivastav Anand Kumar
245 0 _aAdhunik sanskrit kavyashastra
260 _aDelhi
_bEastern Book Linkers India
_c2012
300 _a350p.
365 _aINR
_b850
650 _aSanskrit
942 _cTB
_hO15,1N:g Q2;1
999 _c1231723
_d1231723